Normal view
MARC view
- ادارة التسويق-العملاء
Entry Topical Term
001 - CONTROL NUMBER
- control field: 34169
003 - CONTROL NUMBER IDENTIFIER
- control field: JO-AjAnu
005 - DATE AND TIME OF LATEST TRANSACTION
- control field: 20230606075727.0
008 - FIXED-LENGTH DATA ELEMENTS
- fixed length control field: 230606|| aca||aabn | a|a d
040 ## - CATALOGING SOURCE
- Original cataloging agency: JO-AjAnu
- Transcribing agency: JO-AjAnu
150 ## - HEADING--TOPICAL TERM
- Topical term or geographic name entry element: ادارة التسويق-العملاء
670 ## - SOURCE DATA FOUND
- Source citation: Work cat.: (JO-AjAnu)17547: عطية،طاهر مرسي, author 34168, فن التميز في ادارة علاقات العملاء=Crm cuatamen Relationahip Management